| 000 | 00431nam a22001937a 4500 | ||
|---|---|---|---|
| 003 | NUST - PNEC | ||
| 005 | 20170116181157.0 | ||
| 008 | 160112b xxu||||| |||| 00| 0 eng d | ||
| 020 | _a- | ||
| 040 | _cLIBRARY | ||
| 082 | _a001.434 STR | ||
| 100 |
_916006 _aStrum, R D |
||
| 245 |
_aDiscrete System Part II _cR D Strum |
||
| 250 | _a- | ||
| 260 | _c- | ||
| 300 | _a12-77 | ||
| 650 | _xMIS, Computer | ||
| 942 |
_2ddc _cBK |
||
| 999 |
_c71253 _d71253 |
||